| 000 | 01272nam a2200277 i 4500 | ||
|---|---|---|---|
| 001 | bg | ||
| 100 | 1 | _aKOLANKO, Jerzy | |
| 245 | 1 | 0 |
_aMetody synchroniczne w pomiarach parametrów sygnałów elektrycznych / _cJerzy Kolanko. |
| 246 | 1 | 1 | _aSynchronous methods in measurements of electrical signals parameters |
| 260 |
_aWrocław : _bWydaw. PW, _c1993. |
||
| 300 |
_a62 s. : _brys., wykr. ; _c24 cm. |
||
| 490 | 1 |
_aPrace Naukowe Instytutu Metrologii Elektrycznej Politechniki Wrocławskiej. Monografie = _aScientific Papers of the Institute of Electrical Metrology of the Technical University of Wrocław. Monographs, _x0324-9549 ; _v11 |
|
| 500 | _aTyt. równol. : Synchronous methods in measurements of electrical signals parameters. | ||
| 500 | _aNumeracja ser. gł. : 38. | ||
| 504 | _aBibliogr. s. 56-59. - Summ. | ||
| 650 | 9 |
_aElektrotechnika _xpomiary _xmetody |
|
| 650 | 9 |
_aMikroprocesor _xstosowanie _xelektrotechnika |
|
| 650 | 9 |
_aPrzetworniki _xautomatyzacja |
|
| 650 | 9 |
_aPrzyrządy pomiarowe _xelektrotechnika |
|
| 830 | 0 |
_aPrace Naukowe Instytutu Metrologii Elektrycznej Politechniki Wrocławskiej. _pMonografie ; _v11 |
|
| 040 | _cBPK | ||
| 041 | 0 |
_apl _ben |
|
| 080 | _a621.317:681.32/.33 | ||
| 942 | _cKS | ||
| 008 | s pl f |000 0 pol | ||
| 999 |
_c30304 _d30304 |
||
| 856 |
_uhttp://koha.tu.koszalin.pl/cgi-bin/koha/opac-detail.pl?biblionumber=30304 _yKatalog online BPK |
||